отпуск Дурново Ивану Николаевичу о передаче в Алрхив Министерства внутренних дел докладной записки Лорис-Меликова Александру II

RUSMARC
00005836nac2a22003733x 450
001822f0ab1-9c6a-4ece-ac58-65d737abd4f6
00520240819202301.0
100##$a20240716l1884 k y0rusy50 ca
1010#$arus
102##$aRU
105##$ay z |||||
1220#$ad18840430
2001#$aотпуск Дурново Ивану Николаевичу о передаче в Алрхив Министерства внутренних дел докладной записки Лорис-Меликова Александру II
$j04.1884
215##$a3 листа
$d31,8 х 25,2
251##$cДело
300##$aЗаголовок дела на папке: Письмо (отпуск) Лорис-Меликова, Михаила Тариэловича к Дурново Ивану Николаевичу о передаче в архив Министерства внутренних дел докладной записки Л.-Меликова Александру II
300##$aРукописный текст
325##$aЗамикрофильмировано
330##$aВходит в раздел описи: Письма Лорис-Меликова к разным лицам
461#0$1001cda3d175-ae4a-411a-8dea-9cc20fb178f6
$12001
$aЛорис-Меликов Михаил Тариелович, граф, министр внутренних дел, главный начальник "верховной распорядительной комиссии по охранению государственного порядка и общественного спокойствия", генерал от кавалерии
$1251
$cФонд
$1852
$j569
462#0$1001163e060a-d7cc-404d-90ee-e28c9801971b
$12001
$aОпись дел фонда М. Т. Лорис-Меликова за 1858-1915 гг.
$vД. 139
$1251
$cОпись
$1852
$j1
5171#$aПисьмо (отпуск) Лорис-Меликова, Михаила Тариэловича к Дурново Ивану Николаевичу о передаче в архив Министерства внутренних дел докладной записки Л.-Меликова Александру II
600#0$aАлександр
$dII
600#1$aЛорис-Меликов
$bМ. Т.
$gМихаил Тариэлович
60101$3RU\NLR\AUTH\889941980
$aРоссия
$bМинистерство внутренних дел
$bАрхив
605##$3DITM\AF\0000002775
$aВласть
$lколлекция
$2acquisition_prlib
6101#$aПисьма
$aДокладная записка
$aАрхив министерства
686##$a63.3(2)535-332ю1
$cИстория
$2rubbk
686##$a67.400.6ю1
$cПраво
$2rubbk
700#1$aЛорис-Меликов
$bМ. Т.
$gМихаил Тариэлович
702#1$aДурново
$bИ. Н.
$gИван Николаевич
$4660
801#0$aRU
$bGA_RF
801#1$aRU
$bГлавНИВЦ
$c20240716
$2rusmarc
801#2$aRU
$bПБ им. Б.Н. Ельцина
$c20240819
$gRCR
$2rusmarc
852##$aГА РФ
$j139
937##$d193624652
$hГАРФ
035##$aRuPRLIB51076497
856##$uhttp://readingroom.main.prlib.ru/item.aspx?id_node=n193624652&mode=full
Формат отображения